000 00335nam a22001457a 4500
008 230322b ||||| |||| 00| 0 eng d
020 _a9781319003234
041 _aeng
080 _2SEVENTH EDITION
_a37
082 _a37ANK
100 _a22
101 _aEDUKIM
245 _aREAL WRITING WITH READINGS
_cANKER S
942 _2udc
_cBK
999 _c59422
_d59422